LIBRARY ONLINE CATALOGUE

Prophet, priest, and king : (Record no. 21491)

MARC details
000 -LEADER
fixed length control field 01216cam a2200349 i 4500
001 - CONTROL NUMBER
control field 19051144
003 - CONTROL NUMBER IDENTIFIER
control field OSt
005 - DATE AND TIME OF LATEST TRANSACTION
control field 20260316162122.0
008 - FIXED-LENGTH DATA ELEMENTS--GENERAL INFORMATION
fixed length control field 160411s2016 nju b 001 0 eng
010 ## - LIBRARY OF CONGRESS CONTROL NUMBER
LC control number 2016017047
020 ## - INTERNATIONAL STANDARD BOOK NUMBER
International Standard Book Number 9781596385023
Qualifying information pbk.
020 ## - INTERNATIONAL STANDARD BOOK NUMBER
Canceled/invalid ISBN 9781629951928 (epub)
020 ## - INTERNATIONAL STANDARD BOOK NUMBER
Canceled/invalid ISBN 9781629951935 (mobi)
035 ## - SYSTEM CONTROL NUMBER
System control number 19051144
040 ## - CATALOGING SOURCE
Original cataloging agency DLC
Language of cataloging eng
Transcribing agency DLC
Description conventions rda
Modifying agency DLC
042 ## - AUTHENTICATION CODE
Authentication code pcc
050 00 - LIBRARY OF CONGRESS CALL NUMBER
Classification number BT203
Item number .B44 2016
082 00 - DEWEY DECIMAL CLASSIFICATION NUMBER
Classification number 232
Edition number 23
100 1# - MAIN ENTRY--PERSONAL NAME
Personal name Belcher, Richard P.,
Titles and words associated with a name Jr.,
Relator term author.
245 10 - TITLE STATEMENT
Title Prophet, priest, and king :
Remainder of title the roles of Christ in the Bible and our roles today /
Statement of responsibility, etc. Richard P. Belcher Jr.
264 #1 - PRODUCTION, PUBLICATION, DISTRIBUTION, MANUFACTURE, AND COPYRIGHT NOTICE
Place of production, publication, distribution, manufacture Phillipsburg, New Jersey :
Name of producer, publisher, distributor, manufacturer P&R Publishing,
Date of production, publication, distribution, manufacture, or copyright notice [2016]
300 ## - PHYSICAL DESCRIPTION
Extent xv, 206 pages ;
Dimensions 22 cm
336 ## - CONTENT TYPE
Content type term text
Content type code txt
Source rdacontent
337 ## - MEDIA TYPE
Media type term unmediated
Media type code n
Source rdamedia
338 ## - CARRIER TYPE
Carrier type term volume
Carrier type code nc
Source rdacarrier
504 ## - BIBLIOGRAPHY, ETC. NOTE
Bibliography, etc Includes bibliographical references (pages 181-186) and index.
600 00 - SUBJECT ADDED ENTRY--PERSONAL NAME
Personal name Jesus Christ
General subdivision Person and offices.
650 #0 - SUBJECT ADDED ENTRY--TOPICAL TERM
Topical term or geographic name as entry element Typology (Theology)
906 ## - LOCAL DATA ELEMENT F, LDF (RLIN)
a 7
b cbc
c orignew
d 1
e ecip
f 20
g y-gencatlg
942 ## - ADDED ENTRY ELEMENTS (KOHA)
Source of classification or shelving scheme Library of Congress Classification
Koha item type General Collection
Holdings
Withdrawn status Lost status Source of classification or shelving scheme Not for loan Home library Current library Shelving location Date acquired Source of acquisition Inventory number Total Checkouts Full call number Barcode Date last seen Copy number Price effective from Koha item type
    Library of Congress Classification   Kabarak, Main Campus Kabarak, Main Campus General Stacks 16/03/2026 Donation 2025/3379   BT203 .B44 2016 C.1 38588 16/03/2026 C.1 16/03/2026 General Collection